| 000 | 00943cab a2200277 4500 | ||
|---|---|---|---|
| 001 | ABS56225 | ||
| 008 | 090401t1996 xxu||||| |||| 00| 0 eng d | ||
| 035 | _a(Sirsi) u22039 | ||
| 041 | _aeng | ||
| 100 | _aElvidge, S | ||
| 245 | _aOverriding importance | ||
| 260 | _c1996 | ||
| 350 | _a0 | ||
| 490 |
_aEstates Gazette _v(9647) 23 November 1996, 132-134(3) |
||
| 520 | _aExplains the rights of a former tenant under the Landlord and Tenant (Covenants) Act 1995 to regain control of their premises by way of the granting of an overriding lease, when they have to settle rent arrears of a defaulting assignee. | ||
| 650 | _aASSIGNMENT | ||
| 650 | _aFORMER TENANTS | ||
| 650 | _aLANDLORD AND TENANT COVENANTS ACT 1995 | ||
| 650 | _aORIGINAL TENANT | ||
| 650 | _aOVERRIDING LEASES | ||
| 650 | _aRENT ARREARS | ||
| 690 | _aLANDLORD AND TENANT-BUSINESS TENANCIES | ||
| 700 | _aWilliams, P. | ||
| 942 | _n0 | ||
| 948 | _c04/03/1997 | ||
| 999 |
_c14760 _d14760 |
||